000 00791cab a2200277 4500
001 ABS59535
008 090401t1998 xxu||||| |||| 00| 0 eng d
035 _a(Sirsi) u89341
041 _aeng
100 _aLowe. D.,
245 _aForced move
260 _c1998
350 _a0
490 _aEstates Gazette
_v(9842) 17 October 1998, 158-159(2)
520 _aExamines how the RICS will regulate its members who practise as Law of Property Act receivers.
650 _aInsolvency
_96247
650 _aLAW OF PROPERTY ACT RECEIVERS
650 _aMONITORING
650 _aPROFESSIONAL CONDUCT
650 _aRECEIVERSHIP
650 _aRICS
690 _aMANAGEMENT-BUSINESS MANAGEMENT-PROFESSIONAL PRACTICE
700 _aGershinson, J.
942 _n0
948 _c28/10/1998
999 _c56512
_d56512